The faith of the New Testament. (Record no. 5227)

000 -LEADER
fixed length control field 00563nam a2200181 a 4500
001 - CONTROL NUMBER
control field :::00002969$&:&@@
003 - CONTROL NUMBER IDENTIFIER
control field OkBaRHE
005 - DATE AND TIME OF LATEST TRANSACTION
control field 20000607103258.0
008 - FIXED-LENGTH DATA ELEMENTS--GENERAL INFORMATION
fixed length control field s1933 j 000 0 eng u
040 ## - CATALOGING SOURCE
Transcribing agency
100 1# - MAIN ENTRY--PERSONAL NAME
Personal name Nairne, Alexander, 1863-
245 14 - TITLE STATEMENT
Title The faith of the New Testament.
260 ## - PUBLICATION, DISTRIBUTION, ETC. (IMPRINT)
Place of publication, distribution, etc London, UK:EN., :
Name of publisher, distributor, etc Longmans, Green and Co.
Date of publication, distribution, etc c1933
300 ## - PHYSICAL DESCRIPTION
Extent 234 p. ;
Dimensions 19 cm.
650 ## - SUBJECT ADDED ENTRY--TOPICAL TERM
Topical term or geographic name as entry element Bible New Testament
General subdivision Study
942 ## - ADDED ENTRY ELEMENTS (KOHA)
Source of classification or shelving scheme
Koha item type Books
Copies
Source of classification or shelving scheme Price effective from Not for loan Current Location Damaged status Koha item type Date acquired Lost status Date last seen Shelving location Copy number Full call number Barcode Permanent Location Withdrawn status
 2010-04-14 RHEMA Bible Training College Books2010-04-14 2018-03-08General Stacks1BS 2525 .N3F32969RHEMA Bible Training College